| 000 | 00777nam a22002297a 4500 | ||
|---|---|---|---|
| 005 | 20091009101051.0 | ||
| 008 | 091009t xxu||||| |||| 00| 0 eng d | ||
| 010 | _aENG-95109 | ||
| 020 |
_a988184884203 _c215.00 |
||
| 035 | _aEN-78642 | ||
| 037 | _bDBAD/PUB | ||
| 040 |
_aDPL _bENG |
||
| 082 | _a339 | ||
| 100 | _aMisra, S. K. | ||
| 245 |
_aPrinciples of Macro Economics _cby S. K. Misra [and] V. K. Puri |
||
| 250 | _a2nd ed. | ||
| 260 |
_aMumbai _bHimalaya Publishing House _c2009 |
||
| 270 |
_aRamdoot Dr. Bhalerao Marg _bMumbai _e400004 |
||
| 300 |
_axiii, 352p _c24 cm (Pbk) |
||
| 942 |
_2ddc _cEN _mMIS _h339 |
||
| 999 |
_c30867 _d30867 |
||